=LDR 00000nam 2200000 4500 =001 NUTBA000000000002605 =005 20140623101742.0 =006 =007 =008 =020 ##$$a 979-602-8520-44-6 =035 ##$$a 0010-061400000000548 =040 ##$$a NBPDMAT =082 ##$$a 746.662 =090 ##$$a 746.662 $b Meg b =100 ##$$a Megah Handayani =245 ##$$a Batik pesisir jawa ( Bilingual ) / $c penulis Megah Handayani ; editor Yuntoro Dewi Wibowo =250 ##$$a Cet.1 =260 ##$$a Jakarta : $b Ghina Walafafa, $c 2010 =300 ##$$a Jil. : $b ilus. ; $c 25 cm. =500 ##$$a Jilid 1 : 21402772 - 21402776, Jilid 2 : 21402777 - 21402781 =650 ##$$a Batik Jawa =700 ##$$a Yuntoro Dwi Wibowo =850 ##$$a NBPDMAT =990 ##$$a 21402772